| 000 | 00884nam a2200229 a 4500 | ||
|---|---|---|---|
| 003 | PILC | ||
| 005 | 20240120114403.0 | ||
| 008 | 060510s1982 xx 00 eng d | ||
| 010 | _aAcc#36803 | ||
| 020 | _a026261037X | ||
| 040 | _cPhilippine Baptist Theological Seminary | ||
| 050 |
_aRTL QH 371 _bK647 1982 |
||
| 100 | 1 | 0 | _aKitcher, Philip |
| 245 | 1 | 0 |
_aAbusing science : _bthe case against creationism / _cPhilip Kitcher. |
| 260 | 0 |
_aCambridge, MA : _bThe MIT Press, _cc1982. |
|
| 300 | _ax ; 213 p. ; 23 cm. | ||
| 500 | _aIncludes bibliographical references and index. | ||
| 505 | _a1 Evolution for Everyone -- 2 Believing Where We Cannot Prove -- 3 Darwin Redux -- 4 Mountains, Molehills, and Misunderstandings -- 5 What Price Creationism? -- 6 Exploiting Tolerance -- 7 The Bully Pulpit | ||
| 650 | _aEVOLUTION | ||
| 650 | _aEVOLUTION AND RELLIGION | ||
| 942 |
_cCB _2lcc |
||
| 999 |
_c16381 _d16381 |
||